000 00396nam a2200145Ia 4500
008 090124s9999 xx 000 0 und d
082 _b300377
245 _a पाकसिध्दी
250 _a1
260 _bवैद्य लक्ष्मीबाई
_c1969
300 _a580
630 _a पाकसिध्दी
730 _a पाकसिध्दी
942 _cBOOK
999 _c189931
_d189931